|
|
|
|
| LEADER |
00000cam a2200000 7i4500 |
| 001 |
0000021971 |
| 005 |
20080724.0 |
| 008 |
080724 |
| 020 |
|
|
|a 9833376371
|
| 090 |
0 |
0 |
|a 499.2331
|b ABD
|
| 100 |
1 |
|
|a Abdullah Hassan
|
| 245 |
1 |
0 |
|a Kamus seerti bahasa Melayu
|c Abdullah Hassan, Ainon Mohd
|
| 260 |
|
|
|a Pahang :
|b PTS Professional Publishing ,
|c 2005
|
| 650 |
|
0 |
|a Malay language
|x Synonyms and antonyms
|x Dictionaries
|
| 700 |
0 |
|
|a Ainon Mohd
|
| 999 |
|
|
|a 0000909670
|b Book
|c Adult Collection
|e Cawangan Bandar Tenggara
|
| 999 |
|
|
|a 0001029607
|b Book
|c Adult Collection
|e Perbadanan Perpustakaan Awam Johor
|
| 999 |
|
|
|a 0001029608
|b Book
|c Adult Collection
|e Cawangan Segamat
|
| 999 |
|
|
|a 0001072415
|b Book
|c Adult Collection
|e Cawangan Kota Tinggi
|
| 999 |
|
|
|a 0001144589
|b Book
|c Children Collection
|e Cawangan Taman Universiti
|